ঢ়
ক্ষ
ড়
ঢ়
য়
র-ফলা‌‌‌
 
 
য-ফলা
ি
 
 
রেফ
 
 
 
যুক্ত করুন/হসন্ত
Space
Enter

Microelectronic circuits / (Record no. 3499)

000 -LEADER
fixed length control field 00880nam a2200265 a 4500
001 - CONTROL NUMBER
control field 6865
003 - CONTROL NUMBER IDENTIFIER
control field BD-DhUAP
005 - DATE AND TIME OF LATEST TRANSACTION
control field 20200308111709.0
008 - FIXED-LENGTH DATA ELEMENTS--GENERAL INFORMATION
fixed length control field 200308r20031998ii a b 001 0 eng d
020 ## - INTERNATIONAL STANDARD BOOK NUMBER
International Standard Book Number 0195116909
040 ## - CATALOGING SOURCE
Original cataloging agency DLC
Transcribing agency DLC
Modifying agency BD-DhUAP
Language of cataloging eng
082 00 - DEWEY DECIMAL CLASSIFICATION NUMBER
Edition number 23
Classification number 621.3815 SED
100 1# - MAIN ENTRY--PERSONAL NAME
Personal name Sedra, Adel S.
245 10 - TITLE STATEMENT
Title Microelectronic circuits /
Statement of responsibility, etc. Adel S. Sedra and Kenneth C. Smith.
250 ## - EDITION STATEMENT
Edition statement 4th ed.
260 ## - PUBLICATION, DISTRIBUTION, ETC.
Place of publication, distribution, etc. New Delhi :
Name of publisher, distributor, etc. Oxford University Press,
Date of publication, distribution, etc. c1998 [Reprinted 2003].
300 ## - PHYSICAL DESCRIPTION
Extent xx, 1237 pages :
Other physical details illustrations ;
Dimensions 24 cm.
490 #4 - SERIES STATEMENT
Series statement The Oxford series in electrical and computer engineering.
504 ## - BIBLIOGRAPHY, ETC. NOTE
Bibliography, etc. note Includes bibliographical references (p. F-1 - F-2) and index.
650 #0 - SUBJECT ADDED ENTRY--TOPICAL TERM
Topical term or geographic name entry element Electronic circuits.
650 #0 - SUBJECT ADDED ENTRY--TOPICAL TERM
Topical term or geographic name entry element Integrated circuits.
700 1# - ADDED ENTRY--PERSONAL NAME
Personal name Smith, Kenneth C.
942 ## - ADDED ENTRY ELEMENTS (KOHA)
Source of classification or shelving scheme
Koha item type Book
Holdings
Withdrawn status Lost status Source of classification or shelving scheme Damaged status Not for loan Permanent Location Current Location Shelving location Date acquired Full call number Barcode Date last seen Copy number Price effective from Koha item type
          UAP Central Library UAP Central Library General Stacks 2020-03-08 621.3815 SED 3010006865 2020-03-08 1 2020-03-08 Book
          UAP Central Library UAP Central Library General Stacks 2020-03-08 621.3815 SED 3010006864 2020-03-08 2 2020-03-08 Book
          UAP Central Library UAP Central Library General Stacks 2020-03-08 621.3815 SED 3010006861 2020-03-08 3 2020-03-08 Book
          UAP Central Library UAP Central Library General Stacks 2020-03-08 621.3815 SED 3010006862 2020-03-08 4 2020-03-08 Book

All rights reserved © UAP Central Library,
University of Asia Pacific.